000 00881cam a22002297i 4500
005 20251108173321.0
008 250721s2005 jo a gr 000 0 ara d
041 _aara
082 1 4 _a001.422
_bز ي ن
100 1 _aأبو زينة، فريد كامل
_eمؤلف.
245 1 0 _aمناهج البحث العلمي /
_cتأليف فريدكامل ابو زينة [وثلاثة آخرون].
300 _aالجزء 2.
505 0 _aالمحتويات : الكتاب الثاني : الإحصاء في البحث العلمي.
650 1 7 _aأساليب البحث.
650 1 7 _aالإحصاء.
650 1 7 _aالعينات.
700 1 _aالشايب، عبد الحافظ.
_eمؤلف.
700 1 _aعبابنه، عماد.
_eمؤلف.
700 1 _aالنعيمي، محمد عبد العال
_eمؤلف.
942 _2ddc
_cBK
999 _c101084
_d101084